[Event "Mlada Boleslav Region-ch U14"]
[Site "Mlada Boleslav"]
[Date "2017.06.24"]
[Round "2"]
[White "Holubec, Matej"]
[Black "Jelinek, Frantisek"]
[Result "0-1"]
[WhiteElo "1082"]
[BlackElo "1021"]
[PlyCount "108"]
[EventDate "2017.06.24"]
[EventType "swiss"]
[EventRounds "7"]
[EventCountry "CZE"]
[SourceTitle "CBM 179 Extra"]
[Source "ChessBase"]
[SourceDate "2017.08.23"]
[SourceVersion "1"]
[SourceVersionDate "2017.08.23"]
[SourceQuality "1"]

1. e4 c5 2. Nf3 d6 3. Nc3 Nc6 4. Bb5 Bd7 5. d3 Nf6 6. Bg5 e6 7. 0-0 Be7 8. Bxf6 Bxf6 9. Re1 0-0 10. Bxc6 bxc6 11. e5 dxe5 12. Nxe5 Qc7 13. Nxd7 Qxd7 14. Ne4 Bxb2 15. Rb1 Be5 16. Nxc5 Qd6 17. Nb7 Qc7 18. c3 Bxh2+ 19. Kf1 Qf4 20. Re4 Qf6 21. Qh5 Qxc3 22. Rh4 Qxd3+ 23. Ke1 Qxb1+ 24. Kd2 Bf4+ 25. Rxf4 Qxb7 26. Rh4 Rfd8+ 27. Kc3 Rd3+ 28. Kxd3 Qb5+ 29. Qxb5 cxb5 30. Rb4 a6 31. a4 Kf8 32. axb5 axb5 33. Rxb5 Ra3+ 34. Kc4 Ra2 35. Rb8+ Ke7 36. Rb7+ Kf6 37. Rb5 Rxf2 38. g4 Rf4+ 39. Kd3 Rxg4 40. Rb8 Rg5 41. Rh8 h5 42. Ke3 Re5+ 43. Kf4 g6 44. Kf3 Rf5+ 45. Kg3 Kg5 46. Kh3 f6 47. Re8 e5 48. Kg3 Rf4 49. Rd8 f5 50. Rd5 Re4 51. Kf3 Rf4+ 52. Kg3 e4 53. Kh3 Rf3+ 54. Kg2 Kg4 0-1